[Event "4th Mediterranean Open"]
[Site "Rijeka CRO"]
[Date "2010.11.13"]
[Round "1"]
[White "Valenti, Giuseppe"]
[Black "Rukavina, Josip"]
[Result "0-1"]
[WhiteTitle "FM"]
[BlackTitle "IM"]
[WhiteElo "2122"]
[BlackElo "2421"]
[WhiteFideId "801119"]
[BlackFideId "14500191"]
[EventDate "2010.11.13"]

1. e4 d6 2. d4 g6 3. f3 Bg7 4. Nc3 c6 5. Nge2 b5 6. Be3 a6 7. Qd2 Nd7 8. h4 h5
9. Bg5 c5 10. Rd1 Bb7 11. g3 Ngf6 12. Bg2 cxd4 13. Nxd4 Rc8 14. O-O Ne5 15. b3
O-O 16. Kh1 Kh7 17. Bh3 Rc5 18. Be3 Qa5 19. Nde2 Rc7 20. Nd5 Qxd2 21. Rxd2 Nxd5
22. exd5 Bc8 23. Bg2 Bd7 24. Nd4 Rfc8 25. Rc1 Rc3 26. Re1 R8c7 27. Bg1 Bf6 28.
Ree2 Bc8 29. Re3 Bb7 30. Rxc3 Rxc3 31. f4 Ng4 32. Ne2 Rc7 33. Bb6 Rc8 34. Bg1
Kg8 35. Bb6 Kf8 36. Bh3 e6 37. Bg2 Bxd5 38. Bxd5 exd5 39. Kg2 Ke7 40. Kf3 Kd7
41. Bg1 Nh6 42. Bb6 Nf5 43. Bg1 Ke6 44. c3 Bxc3 45. Rc2 b4 46. a3 Kd7 47. axb4
Bxb4 48. Ra2 Rc6 49. Bf2 Bc5 50. Be1 Rb6 51. b4 Bxb4 52. Bxb4 Rxb4 53. Rxa6 Rb3+
54. Kf2 d4 0-1

[Event "4th Mediterranean Open"]
[Site "Rijeka CRO"]
[Date "2010.11.14"]
[Round "2"]
[White "Predojevic, Borki"]
[Black "Drazic, Sinisa"]
[Result "1/2-1/2"]
[WhiteTitle "GM"]
[BlackTitle "GM"]
[WhiteElo "2632"]
[BlackElo "2524"]
[WhiteFideId "930849"]
[BlackFideId "901172"]
[EventDate "2010.11.13"]

1. e4 c5 2. Nf3 Nc6 3. Bb5 b6 4. O-O Bb7 5. c3 a6 6. Ba4 Nf6 7. Re1 e6 8. d4 b5
9. Bb3 c4 10. Bc2 d5 11. e5 Nd7 12. Ng5 g6 13. Qg4 Qe7 14. h4 Bg7 15. b3 cxb3
16. axb3 Rc8 17. Ra2 b4 18. c4 dxc4 19. bxc4 O-O 20. Nd2 Rfd8 21. Ndf3 h6 22.
Nxf7 Qxf7 23. Bxg6 Qe7 24. Be4 Kh8 25. Qh5 Qe8 26. Bg6 Qf8 27. Ng5 Nxd4 28. Nf7+
Kg8 29. Nxh6+ Bxh6 30. Bxh6 Nf3+ 31. Kf1 Nh2+ 32. Kg1 Nf3+ 33. Kf1 Nh2+ 34. Kg1
Nf3+ 1/2-1/2

[Event "4th Mediterranean Open"]
[Site "Rijeka CRO"]
[Date "2010.11.14"]
[Round "2"]
[White "Martinovic, Sasa"]
[Black "Stevic, Hrvoje"]
[Result "1/2-1/2"]
[WhiteTitle "IM"]
[BlackTitle "GM"]
[WhiteElo "2502"]
[BlackElo "2621"]
[WhiteFideId "14509792"]
[BlackFideId "14502569"]
[EventDate "2010.11.13"]

1. d4 Nf6 2. c4 g6 3. Nc3 Bg7 4. e4 d6 5. f3 O-O 6. Be3 c5 7. dxc5 dxc5 8. Qxd8
Rxd8 9. Bxc5 Nc6 10. Nd5 Nd7 11. Nxe7+ Nxe7 12. Bxe7 Bxb2 13. Rb1 Bc3+ 14. Kf2
Bd4+ 15. Ke1 Bc3+ 16. Kf2 Bd4+ 17. Ke1 1/2-1/2

[Event "4th Mediterranean Open"]
[Site "Rijeka CRO"]
[Date "2010.11.14"]
[Round "2"]
[White "Caspi, Israel"]
[Black "Kozul, Zdenko"]
[Result "1/2-1/2"]
[WhiteTitle "IM"]
[BlackTitle "GM"]
[WhiteElo "2460"]
[BlackElo "2595"]
[WhiteFideId "2807394"]
[BlackFideId "14502879"]
[EventDate "2010.11.13"]

1. e4 c5 2. Nf3 Nc6 3. d4 cxd4 4. Nxd4 Nf6 5. Nc3 d6 6. f3 e5 7. Nb3 Be7 8. Be3
O-O 9. Qd2 Be6 10. Nd5 a5 11. c4 a4 12. Nc1 Nd7 13. Ne2 Nc5 14. Nec3 Bxd5 15.
Nxd5 Ne6 16. Nxe7+ Qxe7 17. Bd3 h5 18. O-O h4 19. g3 Rfe8 20. Rad1 Qf6 21. Qg2
Nc5 22. Bb1 Na5 23. Qe2 Qg6 24. Kg2 Qe6 25. Rd5 h3+ 26. Kg1 Rec8 27. Rfd1 Ra6
28. Bc2 Nd7 29. Bxa4 Nxc4 30. Bb5 Nxe3 31. Qxe3 Nf6 32. Bxa6 bxa6 33. Rxd6 Qxa2
34. Rd8+ Rxd8 35. Rxd8+ Kh7 36. Qe2 a5 37. Qf1 Kg6 38. Rd2 Qe6 39. Qb5 Qc8 40.
Qf1 Nh7 41. Re2 Kh6 42. Re3 g6 43. Rc3 Qd7 44. Qd3 Qb7 45. Qd2+ Ng5 46. Rd3 a4
47. Ra3 Kg7 48. Kf2 Qb6+ 49. Re3 Ne6 50. Qc3 f6 51. Qd2 Nd4 52. f4 g5 53. Rd3 g4
54. Rxd4 exd4 55. Ke1 Kf7 56. Qc2 Qb4+ 57. Kd1 Qb5 58. Qc7+ Kg6 59. f5+ Kh6 60.
Qf7 Qd3+ 61. Kc1 Qe3+ 62. Kd1 Qd3+ 63. Kc1 Qe3+ 64. Kd1 Qd3+ 1/2-1/2

[Event "4th Mediterranean Open"]
[Site "Rijeka CRO"]
[Date "2010.11.14"]
[Round "2"]
[White "Lenic, Luka"]
[Black "Fercec, Nenad"]
[Result "1-0"]
[WhiteTitle "GM"]
[BlackTitle "GM"]
[WhiteElo "2619"]
[BlackElo "2491"]
[WhiteFideId "14603853"]
[BlackFideId "14500299"]
[EventDate "2010.11.13"]

1. Nf3 d5 2. d4 Nc6 3. c4 Bg4 4. Nc3 e6 5. cxd5 exd5 6. Bf4 Bxf3 7. gxf3 Bd6 8.
Qd2 Nge7 9. Bg3 Qd7 10. e3 O-O-O 11. O-O-O Kb8 12. Rg1 g6 13. Qc2 h5 14. Na4 h4
15. Bxd6 Qxd6 16. f4 b6 17. Kb1 Nf5 18. a3 Nce7 19. Nc3 c6 20. Na2 Rc8 21. Nb4
Rhd8 22. Ba6 Rc7 23. Be2 Rcc8 24. Rc1 Qf6 25. Qa4 Ka8 26. Nd3 Rc7 27. Ne5 Qe6
28. Ka1 Rb8 29. Rc2 c5 30. dxc5 bxc5 31. Bf3 a6 32. Rgc1 Rb5 33. b4 Qb6 34. Rxc5
Rcxc5 35. Rxc5 Rxc5 36. bxc5 Qf6 37. Qe8+ 1-0

[Event "4th Mediterranean Open"]
[Site "Rijeka CRO"]
[Date "2010.11.14"]
[Round "2"]
[White "Baron, Tal"]
[Black "Brkic, Ante"]
[Result "0-1"]
[WhiteTitle "IM"]
[BlackTitle "GM"]
[WhiteElo "2455"]
[BlackElo "2564"]
[WhiteFideId "2809958"]
[BlackFideId "14506688"]
[EventDate "2010.11.13"]

1. e4 c5 2. Nf3 d6 3. d4 cxd4 4. Nxd4 Nf6 5. Nc3 a6 6. Bg5 e6 7. f4 Qb6 8. Qd2
Qxb2 9. Rb1 Qa3 10. e5 h6 11. Bh4 dxe5 12. fxe5 Nd5 13. Nxd5 exd5 14. e6 Bxe6
15. Nxe6 fxe6 16. Bd3 Be7 17. Bg6+ Kd8 18. Bxe7+ Qxe7 19. O-O Nd7 20. Rxb7 Qc5+
21. Kh1 Ra7 22. Rb3 Rf8 23. Rxf8+ Nxf8 24. Rb8+ Ke7 25. Bh5 g6 26. Qxh6 Qf2 27.
Qg7+ Kd6 28. Qxf8+ Qxf8 29. Rxf8 gxh5 30. Rd8+ Ke5 31. Rc8 Kd4 32. Kg1 Rf7 33.
Rc6 e5 34. Rxa6 e4 35. h3 h4 36. a4 Kc3 37. a5 e3 38. Re6 Kd2 39. Rd6 Rf5 0-1

[Event "4th Mediterranean Open"]
[Site "Rijeka CRO"]
[Date "2010.11.14"]
[Round "2"]
[White "Jovanic, Ognjen"]
[Black "Battaglini, Gabriel"]
[Result "1/2-1/2"]
[WhiteTitle "GM"]
[BlackTitle "IM"]
[WhiteElo "2532"]
[BlackElo "2446"]
[WhiteFideId "14504081"]
[BlackFideId "621650"]
[EventDate "2010.11.13"]

1. d4 d5 2. c4 c6 3. Nf3 Nf6 4. Qc2 dxc4 5. Qxc4 Bf5 6. g3 e6 7. Bg2 Be7 8. O-O
Ne4 9. e3 Nd7 10. Nfd2 Nxd2 11. Bxd2 O-O 12. e4 Bg6 13. Be3 e5 14. Rd1 exd4 15.
Bxd4 Qe8 16. Nc3 Bf6 17. Be3 Nb6 18. Qb4 Qe6 19. Bxb6 axb6 20. Qxb6 Bxc3 21.
bxc3 Rxa2 22. Qxb7 Rxa1 23. Rxa1 Qc4 24. Qb4 Qe2 25. Qd4 h5 26. e5 Re8 27. f4
Rb8 28. Bf1 Qc2 29. Re1 Rb3 30. e6 fxe6 31. Rxe6 Rb1 32. Qf2 Qd3 33. Re1 Qxc3
34. Qa2+ Kh7 35. Rxb1 Qe3+ 36. Kh1 Qe4+ 37. Bg2 Qxb1+ 38. Qxb1 Bxb1 39. Bxc6 h4
40. gxh4 Kh6 41. Kg2 Bf5 42. Kf3 Bc2 43. Ke3 Bb3 44. Kd4 Bc2 45. Bf3 Bb3 46. Ke5
Bc2 47. Bg4 Bd3 48. Ke6 Bc2 49. Ke7 Bd3 50. Be6 Be4 51. f5 Bd3 52. Bd7 Bc2 53.
Ke6 Bd3 54. Be8 Bc2 55. Bg6 Bb3+ 56. Ke7 Bc4 57. h5 Bb3 58. Kf8 Bc4 59. Be8 Bd3
60. Bg6 Bc4 61. Ke8 Bb3 62. h4 Bc2 63. f6 gxf6 64. Bxc2 1/2-1/2

[Event "4th Mediterranean Open"]
[Site "Rijeka CRO"]
[Date "2010.11.14"]
[Round "2"]
[White "Rukavina, Josip"]
[Black "Popovic, Dusan"]
[Result "0-1"]
[WhiteTitle "IM"]
[BlackTitle "GM"]
[WhiteElo "2421"]
[BlackElo "2546"]
[WhiteFideId "14500191"]
[BlackFideId "927031"]
[EventDate "2010.11.13"]

1. d4 Nf6 2. Bg5 c5 3. Bxf6 gxf6 4. d5 Qb6 5. Qc1 f5 6. g3 Bg7 7. c3 d6 8. Bg2
Nd7 9. Nd2 e5 10. dxe6 fxe6 11. Nh3 d5 12. Nf4 Nf6 13. O-O O-O 14. Qc2 Bd7 15.
c4 d4 16. Qb3 Qa5 17. Qc2 Qc7 18. Rae1 Bh6 19. e3 e5 20. Nd5 Nxd5 21. Bxd5+ Kh8
22. Nb3 Rae8 23. Qd1 b6 24. Qh5 Qd6 25. e4 Qg6 26. Qxg6 hxg6 27. Kg2 Kg7 28. Nc1
Bxc1 29. Rxc1 Be6 30. Bxe6 Rxe6 31. f3 Rd6 32. Rcd1 a6 33. Rfe1 Kf6 34. f4 Re8
35. fxe5+ Rxe5 36. exf5 gxf5 37. Rxe5 Kxe5 38. Kf3 b5 39. Re1+ Kf6 40. b3 bxc4
41. bxc4 Rb6 42. h4 Rb4 43. h5 Rxc4 44. h6 Rb4 45. h7 Rb8 46. Rb1 Rh8 47. Kf4
Rxh7 48. Rb6+ Kf7 49. Rc6 Rh2 50. Rxc5 Rf2+ 51. Ke5 d3 52. Ra5 d2 53. Rd5 Kg6
54. a4 Kg5 55. Rd4 Re2+ 56. Kd5 Kf6 57. a5 Ke7 58. Kc6 Ke6 59. Kb6 Ke5 60. Kc5
Rf2 61. Kc4 f4 62. g4 Rg2 63. Kc3 f3 0-1

[Event "4th Mediterranean Open"]
[Site "Rijeka CRO"]
[Date "2010.11.14"]
[Round "2"]
[White "Zufic, Miroslav"]
[Black "Tate, Alan"]
[Result "0-1"]
[WhiteTitle "IM"]
[WhiteElo "2442"]
[BlackElo "2234"]
[WhiteFideId "14506157"]
[BlackFideId "2401878"]
[EventDate "2010.11.13"]

1. e4 c5 2. Nf3 d6 3. d4 Nf6 4. Nc3 cxd4 5. Nxd4 a6 6. Bg5 e6 7. f4 Nc6 8. Nxc6
bxc6 9. e5 h6 10. Bh4 g5 11. fxg5 Nd5 12. Ne4 Qb6 13. Bd3 hxg5 14. Bg3 dxe5 15.
Bxe5 Rh6 16. Qd2 f6 17. Nd6+ Bxd6 18. Bxd6 e5 19. O-O-O Be6 20. Be4 O-O-O 21.
Ba3 Rhh8 22. Qe1 Bg4 23. Rd2 Nf4 24. g3 Rxd2 25. Qxd2 Rd8 26. Qe1 Ne2+ 27. Kb1
Rd1+ 28. Qxd1 Nc3+ 0-1

[Event "4th Mediterranean Open"]
[Site "Rijeka CRO"]
[Date "2010.11.14"]
[Round "2"]
[White "Naslund, Mikael"]
[Black "Nikolov, Sasho"]
[Result "0-1"]
[WhiteTitle "FM"]
[BlackTitle "IM"]
[WhiteElo "2151"]
[BlackElo "2458"]
[WhiteFideId "1708260"]
[BlackFideId "2900297"]
[EventDate "2010.11.13"]

1. d4 g6 2. c4 Bg7 3. Nc3 d6 4. Nf3 Bg4 5. e3 e5 6. Be2 exd4 7. exd4 Nc6 8. d5
Bxf3 9. Bxf3 Nd4 10. O-O Ne7 11. Bg5 O-O 12. Re1 f6 13. Qxd4 fxg5 14. Qd3 Nc8
15. Bg4 Nb6 16. Re4 h5 17. Be6+ Kh7 18. Rae1 Bxc3 19. Qxc3 Na4 20. Qc2 Nc5 21.
R4e3 a5 22. b3 b6 23. a3 a4 24. b4 Nb3 25. Bd7 Qf6 26. Re6 Nd4 27. Rxf6 Nxc2 28.
Re7+ Kh6 29. Rxf8 Rxf8 30. Bxa4 Nxa3 31. Rxc7 Rf4 32. Bb3 Re4 33. g3 Re1+ 34.
Kg2 Rb1 35. Ba4 Rxb4 36. Bb5 Nxb5 37. cxb5 Rxb5 38. Rc6 Rxd5 39. Rxb6 g4 40. h3
gxh3+ 41. Kxh3 g5 42. Kg2 g4 43. Kf1 Kg5 44. Rb8 Kf5 45. Rh8 Ke4 46. Ke2 Rf5 47.
Re8+ Kd4 48. Rd8 d5 49. Rc8 Re5+ 50. Kd2 Ke4 51. Rf8 Rf5 52. Re8+ Kf3 53. Ke1
Kg2 54. Re2 d4 55. Rd2 d3 56. f3+ Kxg3 57. fxg4 hxg4 58. Rxd3+ Kg2 59. Rd2+ Kh3
60. Rd8 g3 61. Rg8 Kh2 62. Ke2 g2 63. Rh8+ Kg1 64. Rg8 Rf7 65. Rg6 Re7+ 66. Kd2
Re5 67. Rg8 Kf2 68. Rf8+ Kg3 69. Rg8+ Kf3 70. Rf8+ Kg4 71. Rg8+ Rg5 0-1

[Event "4th Mediterranean Open"]
[Site "Rijeka CRO"]
[Date "2010.11.14"]
[Round "2"]
[White "Ivanov, Stojan Emilov"]
[Black "Kurajica, Bojan"]
[Result "0-1"]
[BlackTitle "GM"]
[WhiteElo "2205"]
[BlackElo "2529"]
[WhiteFideId "2903245"]
[BlackFideId "14400057"]
[EventDate "2010.11.13"]

1. d4 Nf6 2. Nf3 e6 3. c4 b6 4. Nc3 Bb4 5. Qc2 Bb7 6. a3 Bxc3+ 7. Qxc3 d6 8. g3
c5 9. Bg2 cxd4 10. Qxd4 Nc6 11. Qc3 Rc8 12. O-O Na5 13. b3 d5 14. Bg5 O-O 15.
Ne5 Ne4 16. Bxe4 Qxg5 17. f4 Qd8 18. Bf3 f6 19. Nd3 dxc4 20. Bxb7 Nxb7 21. bxc4
Nd6 22. Nb2 b5 23. Qe3 bxc4 24. Qxe6+ Kh8 25. Rfd1 Qb6+ 26. Kf1 Qxb2 27. Qxd6
Rfe8 28. Qd2 c3 29. Qxb2 cxb2 30. Rab1 Rc2 31. Re1 h5 32. Kf2 Re4 33. Kf3 Ra4
34. Red1 Rxa3+ 35. Kf2 Rb3 36. Ke1 a5 37. Rd8+ Kh7 38. Kd1 Rbc3 39. Rb8 Rc1+ 40.
Kd2 R3c2+ 41. Kd3 Rxb1 42. Kxc2 Re1 43. Kxb2 Rxe2+ 44. Kc3 Rxh2 45. Rb5 Rh3 46.
Rxa5 Rxg3+ 47. Kd4 Kg6 48. Ke4 h4 49. Ra8 f5+ 50. Kd4 Kh5 51. Ke5 Kg4 52. Rg8
Re3+ 53. Kd5 Re7 54. Kd6 Ra7 55. Rh8 h3 56. Ke5 Re7+ 57. Kd6 Re1 58. Rh7 Kxf4
59. Rxh3 g5 0-1

[Event "4th Mediterranean Open"]
[Site "Rijeka CRO"]
[Date "2010.11.14"]
[Round "2"]
[White "Bukal, Vladimir Jr."]
[Black "Ionica, Iulia-Ionela"]
[Result "1-0"]
[WhiteTitle "IM"]
[BlackTitle "WGM"]
[WhiteElo "2390"]
[BlackElo "2244"]
[WhiteFideId "14502941"]
[BlackFideId "1205480"]
[EventDate "2010.11.13"]

1. d4 Nf6 2. Nc3 d5 3. Bg5 e6 4. e4 dxe4 5. Nxe4 Be7 6. Bxf6 Bxf6 7. Nf3 O-O 8.
Qd2 Be7 9. Bc4 a6 10. Bb3 b5 11. h4 Nd7 12. Qd3 Nf6 13. Nfg5 g6 14. h5 Nxe4 15.
Nxh7 Nxf2 16. Kxf2 Bh4+ 17. g3 Kxh7 18. Rxh4 Kg7 19. hxg6 fxg6+ 20. Kg1 Qg5 21.
Re1 Bb7 22. Qe3 Qxe3+ 23. Rxe3 Rae8 24. Rf4 Rh8 25. Rxe6 Rh1+ 26. Kf2 Rh2+ 27.
Ke3 Bc6 28. Rf6 Bd7 1-0

[Event "4th Mediterranean Open"]
[Site "Rijeka CRO"]
[Date "2010.11.14"]
[Round "2"]
[White "Pavlovic, Ranko"]
[Black "Bontempi, Piero"]
[Result "0-1"]
[WhiteTitle "FM"]
[BlackTitle "FM"]
[WhiteElo "2242"]
[BlackElo "2375"]
[WhiteFideId "14501988"]
[BlackFideId "809250"]
[EventDate "2010.11.13"]

1. d4 d5 2. c4 e5 3. dxe5 d4 4. Nf3 Nc6 5. g3 Nge7 6. Bg2 Ng6 7. Bf4 f6 8. exf6
Nxf4 9. f7+ Kxf7 10. gxf4 Bd6 11. Ng5+ Ke8 12. e3 Qf6 13. Nd2 dxe3 14. fxe3 h6
15. Nde4 Bb4+ 16. Kf1 Qg6 17. h4 hxg5 18. hxg5 Rxh1+ 19. Bxh1 Bf5 20. Nf2 Bc2
21. Qd5 a6 22. Be4 Bxe4 23. Qxe4+ Qxe4 24. Nxe4 Kf7 25. Ke2 Rh8 26. a3 Rh2+ 27.
Nf2 Be7 28. Kf3 Na5 29. Rc1 Nb3 30. Rc2 a5 31. Kg3 Rh8 32. Nd3 Rd8 33. Ne5+ Ke6
34. Kf3 0-1

[Event "4th Mediterranean Open"]
[Site "Rijeka CRO"]
[Date "2010.11.14"]
[Round "2"]
[White "Yilmaz, Mustafa"]
[Black "Andrejic, Vladica"]
[Result "1-0"]
[WhiteTitle "IM"]
[WhiteElo "2476"]
[BlackElo "2168"]
[WhiteFideId "6302718"]
[BlackFideId "928178"]
[EventDate "2010.11.13"]

1. e4 c5 2. Nf3 e6 3. d4 cxd4 4. Nxd4 Nc6 5. Nc3 Qc7 6. g3 a6 7. Bg2 d6 8. O-O
Bd7 9. Re1 Nxd4 10. Qxd4 Ne7 11. b3 Nc6 12. Qd2 Be7 13. Bb2 O-O 14. Nd1 Rac8 15.
Ne3 Rfd8 16. Rad1 b5 17. f4 Na5 18. Qe2 Bc6 19. Nd5 exd5 20. exd5 Bf8 21. dxc6
Nxc6 22. a3 Ne7 23. Be4 d5 24. Bd3 Qc5+ 25. Qf2 Qc6 26. Qf3 Qc5+ 27. Kg2 Rc6 28.
Re5 Ng6 29. Re2 Ne7 30. Rde1 Rc7 31. Qh5 h6 32. Qf3 Nc6 33. Qg4 Nd4 34. Rd2 Nc6
35. h4 d4 36. Qf5 Qxf5 37. Bxf5 g6 38. Bd3 Bg7 39. Rde2 Bf6 40. Kf3 Kf8 41. Bc1
Re7 42. Rxe7 Nxe7 43. h5 gxh5 44. Rh1 Rd5 45. Bd2 Nc6 46. Be4 Rd6 47. Rxh5 Be7
48. Rc5 Nd8 49. Rc8 Rf6 50. Ba5 Ke8 51. Ra8 Kd7 52. Ra7+ Ke8 53. Ra8 Kd7 54. Kf2
Ne6 55. Ra7+ Ke8 56. Bc6+ Kf8 57. Rxa6 Nxf4 58. gxf4 Rxf4+ 59. Kg3 Rf5 60. Bb4
Bxb4 61. axb4 Re5 62. Kf4 Re2 63. Be4 Kg7 64. Rb6 Rf2+ 65. Kg3 Re2 66. Kf3 Re3+
67. Kf4 1-0

[Event "4th Mediterranean Open"]
[Site "Rijeka CRO"]
[Date "2010.11.14"]
[Round "2"]
[White "Cvitan, Ognjen"]
[Black "Plenca, Julijan"]
[Result "1/2-1/2"]
[WhiteTitle "GM"]
[BlackTitle "FM"]
[WhiteElo "2526"]
[BlackElo "2311"]
[WhiteFideId "14500086"]
[BlackFideId "14508044"]
[EventDate "2010.11.13"]

1. c4 e6 2. Nf3 Nf6 3. g3 d5 4. d4 Nbd7 5. Bg2 dxc4 6. Nbd2 Bb4 7. O-O c3 8.
bxc3 Bxc3 9. Rb1 O-O 10. Nc4 Nb6 11. Nce5 a5 12. a3 a4 13. Qc2 Ba5 14. Bb2 Ne8
15. Rfd1 Nd6 16. e4 f6 17. Ng4 f5 18. exf5 exf5 19. Nge5 Be6 20. d5 Bxd5 21.
Rxd5 Nxd5 22. Nd4 c6 23. Ne6 Qe7 24. Qxa4 1/2-1/2

[Event "4th Mediterranean Open"]
[Site "Rijeka CRO"]
[Date "2010.11.14"]
[Round "2"]
[White "Brumen, Dinko"]
[Black "Ostling, Hakan"]
[Result "1-0"]
[WhiteTitle "IM"]
[WhiteElo "2359"]
[BlackElo "2207"]
[WhiteFideId "14501490"]
[BlackFideId "1708635"]
[EventDate "2010.11.13"]

1. d4 g6 2. g3 Bg7 3. Bg2 d6 4. Nf3 f5 5. O-O Nf6 6. c4 O-O 7. Nc3 c6 8. b4 Qe8
9. Qb3 Kh8 10. d5 cxd5 11. cxd5 Na6 12. Bb2 e5 13. dxe6 Bxe6 14. Qa3 Qe7 15. Nd4
Bg8 16. Rfd1 f4 17. gxf4 Ng4 18. h3 Rxf4 19. hxg4 Rxd4 20. Rxd4 Bxd4 21. Nb5 Bg7
22. Qc3 Bc4 23. Qxg7+ Qxg7 24. Bxg7+ Kxg7 25. Bxb7 Rb8 26. Nxd6 Bxe2 27. Re1 Rd8
28. Ne4 Rb8 29. Rxe2 Rxb7 30. a3 Rd7 31. g5 h6 32. Nf6 Rd1+ 33. Kg2 hxg5 34. Ng4
Kf7 35. Re5 Rd4 36. Rxg5 Nc7 37. Ne5+ Kf6 38. Nf3 Rd3 39. Ra5 a6 40. Ng5 Nb5 41.
Ne4+ Ke5 42. a4 Kxe4 43. axb5 axb5 44. Rxb5 Rb3 45. Rb8 Kd5 46. Rb6 g5 47. f3
Ke5 48. Kg3 Rb1 49. Rb5+ Kf6 50. Rb8 Ke6 51. Kg4 Rg1+ 52. Kh3 Kd5 53. Kh2 Rb1
54. Kg3 Rb2 55. Kg4 Rg2+ 56. Kf5 Rf2 57. Rd8+ Kc6 58. Rd3 Rg2 59. Rd4 Rg3 60.
Ke4 g4 61. f4 Rg1 62. Rd2 Re1+ 63. Kf5 Rg1 64. Kg5 Kb5 65. Rb2 g3 66. Kg4 Kc4
67. Kh3 Kc3 68. Rg2 Rf1 69. Kxg3 Kxb4 70. Rc2 Rg1+ 71. Kf3 Kb5 72. f5 Kb6 73.
Kf4 Rf1+ 74. Ke5 Rf3 75. Rc4 Kb5 76. Rc8 Kb6 77. f6 Kb7 78. Rc4 1-0

[Event "4th Mediterranean Open"]
[Site "Rijeka CRO"]
[Date "2010.11.14"]
[Round "2"]
[White "Paljusaj, Edmond"]
[Black "Foglia, Maurizio"]
[Result "0-1"]
[WhiteTitle "FM"]
[WhiteElo "2316"]
[BlackElo "2204"]
[WhiteFideId "14505231"]
[BlackFideId "806838"]
[EventDate "2010.11.13"]

1. e4 c6 2. d4 d5 3. e5 Bf5 4. Ne2 e6 5. Ng3 Bg6 6. h4 h6 7. h5 Bh7 8. Bd3 Bxd3
9. cxd3 Nd7 10. Qg4 c5 11. O-O cxd4 12. f4 Ne7 13. Nd2 Qb6 14. Nf3 f5 15. exf6
gxf6 16. Kh2 Rg8 17. Qh3 f5 18. b3 O-O-O 19. Bb2 Bg7 20. Rfe1 Bf6 21. Rac1+ Kb8
22. Ba3 Rde8 23. Re2 Qa6 24. Bxe7 Bxe7 25. Rce1 Bb4 26. Rd1 Bd6 27. Nf1 Bxf4+
28. g3 Be3 29. Nxe3 dxe3 30. Rxe3 Qxa2+ 31. Rd2 Qxb3 32. Rde2 Nf6 33. Ne5 d4 34.
Rf3 Ng4+ 35. Kg2 Qd1 36. Ref2 Nxf2 37. Rxf2 0-1

[Event "4th Mediterranean Open"]
[Site "Rijeka CRO"]
[Date "2010.11.14"]
[Round "2"]
[White "Drljevic, Ljilja"]
[Black "Valenti, Giuseppe"]
[Result "1/2-1/2"]
[WhiteTitle "WIM"]
[BlackTitle "FM"]
[WhiteElo "2298"]
[BlackElo "2122"]
[WhiteFideId "928879"]
[BlackFideId "801119"]
[EventDate "2010.11.13"]

1. e4 d6 2. d3 g6 3. g3 Bg7 4. Bg2 c6 5. Nf3 Nf6 6. O-O O-O 7. a4 a5 8. Re1 Nbd7
9. Na3 Qc7 10. h3 Re8 11. Bg5 h6 12. Be3 e5 13. Nc4 b6 14. c3 Ba6 15. b3 d5 16.
exd5 cxd5 17. Na3 Qxc3 18. d4 e4 19. Nd2 Rec8 20. Bf1 Bxf1 21. Nxf1 Qb4 22. Nb5
Nb8 23. Bf4 Ne8 24. Ne3 Rd8 25. Rc1 Qe7 26. Nc7 Nxc7 27. Bxc7 Rd7 28. Bxb6 Na6
29. Nc2 Rb8 30. Bxa5 Rxb3 31. Qe2 Qe6 32. Rb1 Rdb7 33. Rxb3 Rxb3 34. Kg2 Nb8 35.
Na1 Rf3 36. Nc2 Nc6 37. Bb6 Rb3 38. a5 Rb2 39. Qd1 Qf5 40. Qc1 Ra2 41. Rf1 e3
42. Nxe3 Qe4+ 43. Kg1 Nxd4 44. Qc8+ Kh7 45. Qg4 Qxg4 46. hxg4 Ne2+ 47. Kg2 d4
48. Nd5 Nc3 49. Nb4 Ra4 50. Nd3 Nd5 51. Bd8 Bf6 52. Nc5 Rc4 53. Bxf6 Nxf6 54.
Nb7 Rb4 55. a6 Ra4 56. Nc5 Ra5 57. Rc1 Nd5 58. Rc4 d3 59. Nxd3 Rxa6 1/2-1/2

[Event "4th Mediterranean Open"]
[Site "Rijeka CRO"]
[Date "2010.11.14"]
[Round "2"]
[White "Butuc, Maria"]
[Black "Medancic, Rikard"]
[Result "1/2-1/2"]
[WhiteTitle "WIM"]
[BlackTitle "IM"]
[WhiteElo "2180"]
[BlackElo "2284"]
[WhiteFideId "13902911"]
[BlackFideId "14500531"]
[EventDate "2010.11.13"]

1. Nf3 f5 2. d4 Nf6 3. c4 e6 4. g3 b6 5. Bg2 Bb7 6. O-O Be7 7. Nc3 Ne4 8. Nxe4
Bxe4 9. Ne1 Bxg2 10. Nxg2 O-O 11. Qd3 Bf6 12. Bd2 Nc6 13. Bc3 a5 14. e3 Qe8 15.
Rad1 Rd8 16. Qe2 Qf7 17. f3 d5 1/2-1/2

[Event "4th Mediterranean Open"]
[Site "Rijeka CRO"]
[Date "2010.11.14"]
[Round "3"]
[White "Brkic, Ante"]
[Black "Berescu, Alin-Mile"]
[Result "1/2-1/2"]
[WhiteTitle "GM"]
[BlackTitle "GM"]
[WhiteElo "2564"]
[BlackElo "2468"]
[WhiteFideId "14506688"]
[BlackFideId "1204920"]
[EventDate "2010.11.13"]

1. e4 e6 2. d4 d5 3. Nc3 Nf6 4. e5 Nfd7 5. f4 c5 6. Nf3 Nc6 7. Be3 a6 8. Qd2 b5
9. a3 Qb6 10. Nd1 a5 11. Be2 Bb7 12. O-O b4 13. c3 bxa3 14. bxa3 Be7 15. Bd3 Ba6
16. Nf2 Bxd3 17. Nxd3 c4 18. Nf2 g6 1/2-1/2

[Event "4th Mediterranean Open"]
[Site "Rijeka CRO"]
[Date "2010.11.14"]
[Round "3"]
[White "Kurajica, Bojan"]
[Black "Caspi, Israel"]
[Result "1/2-1/2"]
[WhiteTitle "GM"]
[BlackTitle "IM"]
[WhiteElo "2529"]
[BlackElo "2460"]
[WhiteFideId "14400057"]
[BlackFideId "2807394"]
[EventDate "2010.11.13"]

1. Nf3 f5 2. g3 Nf6 3. Bg2 g6 4. b4 Bg7 5. Bb2 c6 6. c4 a5 7. b5 cxb5 8. cxb5
Qb6 9. O-O Qxb5 10. Nc3 Qa6 11. Nd5 Qd6 12. Nd4 Nxd5 13. Nb5 Qb6 14. Bxg7 Rg8
15. Nc3 Rxg7 16. Nxd5 Qd8 17. Qb3 Ra6 18. Rab1 Nc6 19. Rfc1 e6 20. Qb2 Kf8 21.
Nb6 d5 22. e3 Kg8 23. Bf1 Ra7 24. Rc5 Bd7 25. Nxd7 Rxd7 26. Bb5 Rd6 27. Bxc6
bxc6 28. Rbc1 Ra6 29. Rb1 Ra7 30. Qc3 Kf7 31. a4 d4 32. exd4 Rxd4 33. Rxc6 Rxd2
34. Re1 Qd4 35. Rc7+ Rxc7 36. Qxc7+ Kf6 37. Rf1 Qxa4 38. Qxh7 Qd4 39. h4 Rd1 40.
Qh8+ Ke7 41. Qh7+ Kd6 42. Qxg6 Rxf1+ 43. Kxf1 a4 44. Qg8 Qa7 45. Qf8+ Ke5 46.
Qa3 Kf6 47. Qf8+ Ke5 48. Qa3 Kf6 1/2-1/2

[Event "4th Mediterranean Open"]
[Site "Rijeka CRO"]
[Date "2010.11.14"]
[Round "3"]
[White "Drazic, Sinisa"]
[Black "Haznedaroglu, Kivanc"]
[Result "0-1"]
[WhiteTitle "GM"]
[BlackTitle "GM"]
[WhiteElo "2524"]
[BlackElo "2439"]
[WhiteFideId "901172"]
[BlackFideId "6300634"]
[EventDate "2010.11.13"]

1. d4 d5 2. Bg5 h6 3. Bh4 c6 4. Nd2 Qb6 5. Nb3 Bf5 6. e3 e6 7. Bd3 Bxd3 8. Qxd3
Be7 9. Nf3 Nd7 10. Bxe7 Nxe7 11. O-O-O Rc8 12. Kb1 a5 13. Qc3 Qc7 14. Qxa5 b6
15. Qe1 c5 16. c3 O-O 17. e4 Qf4 18. Nfd2 c4 19. g3 Qd6 20. Nc1 b5 21. e5 Qa6
22. Nf1 Nb6 23. Ne3 Nc6 24. Nc2 Na4 25. f4 b4 26. cxb4 Na7 27. Rf1 Nb5 28. Rf3
Rc7 29. g4 c3 30. b3 Nb2 31. Rdd3 Rfc8 32. Rde3 Na3+ 33. Nxa3 Qxa3 34. Rxc3 Na4
35. bxa4 Rxc3 36. Rxc3 Rxc3 37. Nb3 Qxb4 38. Qf2 Qxa4 39. f5 Qc4 40. h4 Rh3 41.
fxe6 fxe6 42. Kb2 Qc3+ 43. Ka3 Re3 44. Qf4 Qa5+ 45. Kb2 Re2+ 46. Kc1 Qe1# 0-1